LEADER 02374nam0 22004213i 450 001 CAG0048781 005 20170908093241.0 100 $a20090627d1998 ||||0itac50 ba 101 | $aita 102 $ait 181 1$6z01$ai $bxxxe 182 1$6z01$an 200 1 $aGimpel l'idiota$fIsaac B. Singer$gtraduzione di Bruno Oddera 210 $aAlba$cFamiglia cristiana$d1998 215 $aXI, 320 p.$d21 cm 225 | $aNovecento mondiale. I grandi della narrativa$v8 300 $aSuppl. a Famiglia cristiana 410 0$1001CAG0036729$12001 $aNovecento mondiale. I grandi della narrativa$v8 500 10$aGimpel the fool.$3RAV0028171$9CFIV004611$91483201 606 $aNarrativa americana$2FIR$3NAPC173069$9I 676 $a813.52$9$v14 700 1$aSinger$b, Isaac Bashevis$3CFIV004611$4070$0439210 702 1$aOddera$b, Bruno$3CFIV007737$4730 790 1$aSinger$b, Isaac B.$3CFIV213085$zSinger, Isaac Bashevis 790 1$aSinger$b, Isaac$3CFIV259479$zSinger, Isaac Bashevis 790 1$aBashevis-Singer$b, Isaac$3CFIV312701$zSinger, Isaac Bashevis 801 3$aIT$bIT-NA0079$c20090627 850 $aIT-NA0074$aIT-NA0659$aIT-NA0768$aIT-NA0661$aIT-CE0176$aIT-NA0312 912 $aCAG0048781 950 0$aBiblioteca Provinciale Laurenziana$c1 v.$d 91LET 9C 00322$e 91 0000394335 B 1 v.; dono di T. Gambardella$fD $h20141120$i20141120 950 0$aBiblioteca comunale$c1 v.$d CQLETT. GB SINGI GIM$e CQ 0000093235 B $fT $h20170322$i20170322 950 0$aBiblioteca Annalisa Durante$c1 v.$d DULETT. Prosa SIN gi$e DU 0000017525 B 1 v.$fT $h20160524$i20160524 950 0$aBiblioteca comunale Domenico Cirillo$d GNNARRATIVA D1 30.$e GN 0000008255 B 1 v.$fD $h20080630$i20080630 950 0$aBiblioteca ISISS Amaldi-Nevio$c1 v.$d NEAMALDI 813.52 SIN gi$e NE 0000001825 B FD nuovo inventario$fT $h20160620$i20160620 950 0$aIstituto Salesiano Sacro Cuore$b1 v.$c1 v.$d SC37 07 021$e SC01 0000242085 B 1 v.$fT $h20090627$i20090627 977 $a 91$a CQ$a DU$a GN$a NE$a SC 996 $aGimpel the fool$91483201 997 $aUNISANNIO LEADER 00844nam0-22003011i-450- 001 990003199520403321 035 $a000319952 035 $aFED01000319952 035 $a(Aleph)000319952FED01 035 $a000319952 100 $a20000920d1933----km-y0itay50------ba 101 0 $aita 102 $aIT 200 1 $a<>sociologie expérimentale$fPaul Descamps. 210 $aParis$cLibrairie des sciences politiques & sociales Marcel Rivière$d1933. 215 $aXLII, 261 p.$d23 cm 225 1 $aSystèmes et faits sociaux 676 $a10320 676 $a11130 702 1$aDescamps,$bPaul$f<1872-1946> 801 0$aIT$bUNINA$gRICA$2UNIMARC 901 $aBK 912 $a990003199520403321 952 $a10320 DES$b23579/RF$fSES 959 $aSES 996 $aSociologie expérimentale$9453122 997 $aUNINA DB $aING01 LEADER 01042nam0-22003371i-450- 001 990003772030403321 005 20080625090646.0 010 $a0-03-058303-9 035 $a000377203 035 $aFED01000377203 035 $a(Aleph)000377203FED01 035 $a000377203 100 $a20030910d1981----km-y0itay50------ba 101 0 $aita 105 $ay-------001yy 200 1 $aChildren, television, and sex-role stereotyping$fFrederick Williams, Robert LaRose, and Frederica Frost 210 $aNew York$cPraeger$d1981 215 $axvi, 161 p.$ctab., fig.$d24 cm 610 0 $aTelevisione$aStereotipi sessuali$aInfluenza sui bambini 676 $a302.2345083 676 $a302.23 700 1$aWilliams,$bFrederick$f<1933- >$0309269 702 1$aFrost,$bFrederica 702 1$aLarose,$bRobert 801 0$aIT$bUNINA$gRICA$2UNIMARC 901 $aBK 912 $a990003772030403321 952 $a302.2345 WIl 2$b3185$fBFS 959 $aBFS 996 $aChildren, television, and sex-role stereotyping$9510797 997 $aUNINA LEADER 04588 am 2201009 n 450 001 9910418020603321 005 20200131 010 $a979-1-03-000530-1 024 7 $a10.4000/books.pub.26051 035 $a(CKB)4100000011301757 035 $a(FrMaCLE)OB-pub-26051 035 $a(oapen)https://directory.doabooks.org/handle/20.500.12854/39874 035 $a(PPN)248499262 035 $a(EXLCZ)994100000011301757 100 $a20200616j|||||||| ||| 0 101 0 $afre 135 $auu||||||m|||| 181 $ctxt$2rdacontent 182 $cc$2rdamedia 183 $acr$2rdacarrier 200 10$a1985-2005 : vingt années d?écriture migrante au Québec $eLes voies d?une herméneutique /$fMarc Arino, Marie-Lyne Piccione 210 $aPessac $cPresses Universitaires de Bordeaux$d2020 215 $a1 online resource (242 p.) 311 $a2-903440-80-8 330 $aVoix venue d?ailleurs, la parole immigrante, jusque là sporadique et aléatoire, acquit dans le Québec des années 1980 une légitimité l?autorisant à se prévaloir du statut de courant littéraire bien propre à revivifier une littérature nationale qui s?épuisait. Tenue d?innover sous peine d?extinction ou d?assimilation, cette « écriture migrante » s?y employa et fonda son esthétique sur une hybridité conçue comme la forme littéraire de l?instabilité conceptuelle inhérente à tout phénomène migratoire. Mais au delà de ses apports thématiques, génériques et langagiers, le mouvement a une véritable portée herméneutique car, en donnant force et lisibilité à des motifs inscrits en creux, il offre un code d?accès à la littérature québécoise traditionnelle dont il partage certaines préoccupations parmi lesquelles les notions d?exil et d?altérité, l?insertion dans l?Histoire ou encore l?attention portée au transculturel. Pour cerner les principales lignes de force de l?écriture migrante, les contributions des participants au colloque international organisé sur ce thème par Marc Arino et Marie-Lyne Piccione à Bordeaux en décembre 2005 proposent en premier lieu une réflexion d?ordre théorique, puis abordent les figures du déplacement, du dédoublement et du travestissement que cette écriture motive, avant de s?intéresser à l?exil et à la quête identitaire qu?implique toute migrance. 517 $a1985-2005 517 $a1985-2005  606 $aLiterature (General) 606 $amétissage 606 $aherméneutique 606 $aidentité 606 $aexil 606 $aintertextualité 606 $aaltérité 606 $aréception 606 $alittérature québécoise 606 $aécriture, migrant 606 $atransculturalité 610 $amétissage 610 $aaltérité 610 $atransculturalité 610 $alittérature québécoise 610 $aécriture 610 $amigrant 610 $aréception 610 $aidentité 610 $aherméneutique 610 $aintertextualité 610 $aexil 615 4$aLiterature (General) 615 4$amétissage 615 4$aherméneutique 615 4$aidentité 615 4$aexil 615 4$aintertextualité 615 4$aaltérité 615 4$aréception 615 4$alittérature québécoise 615 4$aécriture, migrant 615 4$atransculturalité 700 $aAndron$b Marie-Pierre$01300565 701 $aBerrier$b Julie$01300566 701 $aCalvo Martín$b Beatriz$01300567 701 $aCarrière$b Marie$01087491 701 $aDelayre$b Stéphanie$0605675 701 $ade Vaucher$b Anne$01300568 701 $aKhordoc$b Catherine$0894892 701 $aMarcheix$b Daniel$01300569 701 $aMarchese$b Elena$01300570 701 $aMata Barreiro$b Carmen$01300571 701 $aMouneimne-Wojtas$b Tina$01300572 701 $aMusella$b Sonia$01300573 701 $aNovakovic$b Jelena$0689435 701 $aPeylet$b Gérard$01281323 701 $aPiccione$b Marie-Lyne$0443201 701 $aSadkowski$b Piotr$01300574 701 $aSamzun$b Marie-Béatrice$01300575 701 $aSoron$b Anthony$01283960 701 $aThibeault-Bérubé$b Anne$01300576 701 $aUrs$b Luminita$01300577 701 $aArino$b Marc$01281302 701 $aPiccione$b Marie-Lyne$0443201 801 0$bFR-FrMaCLE 906 $aBOOK 912 $a9910418020603321 996 $a1985-2005 : vingt années d?écriture migrante au Québec$93025573 997 $aUNINA